The umbrella man and other stories / (Record no. 1756)

MARC details
000 -LEADER
fixed length control field 00858cam a2200265 a 4500
005 - DATE AND TIME OF LATEST TRANSACTION
control field 20250820094355.0
020 ## - INTERNATIONAL STANDARD BOOK NUMBER
International Standard Book Number 0670878545
020 ## - INTERNATIONAL STANDARD BOOK NUMBER
International Standard Book Number 051488006992
040 ## - CATALOGING SOURCE
Original cataloging agency DLC
Transcribing agency DLC
Modifying agency DLC
Language of cataloging eng
050 00 - LIBRARY OF CONGRESS CALL NUMBER
Classification number PZ7.D1515
Item number Um 1998
082 00 - DEWEY DECIMAL CLASSIFICATION NUMBER
Classification number [Fic]
Edition number 21
100 1# - MAIN ENTRY--PERSONAL NAME
Personal name Dahl, Roald.
245 14 - TITLE STATEMENT
Title The umbrella man and other stories /
Statement of responsibility, etc. Roald Dahl.
260 ## - PUBLICATION, DISTRIBUTION, ETC.
Place of publication, distribution, etc. New York :
Name of publisher, distributor, etc. Puffin,
Date of publication, distribution, etc. 1998.
300 ## - PHYSICAL DESCRIPTION
Extent 279 pages :
Dimensions 20 cm
505 ## - FORMATTED CONTENTS NOTE
Formatted contents note Q
520 ## - SUMMARY, ETC.
Summary, etc. Thirteen stories, selected for teenagers, from Dahl's adult writings, including "The Great Automatic Grammatizator," "Mrs. Bixby and the Colonel's Coat," and "Vengeance is Mine Inc."
521 ## - TARGET AUDIENCE NOTE
Target audience note 860 <br/>
Source Lexile
521 ## - TARGET AUDIENCE NOTE
Target audience note Q <br/>
Source Raz-Plus
650 #0 - SUBJECT ADDED ENTRY--TOPICAL TERM
Topical term or geographic name entry element Short stories, English.
650 #1 - SUBJECT ADDED ENTRY--TOPICAL TERM
Topical term or geographic name entry element Short stories.
906 ## - LOCAL DATA ELEMENT F, LDF (RLIN)
a 7
b cbc
c orignew
d 1
e ocip
f 19
g y-gencatlg
942 ## - ADDED ENTRY ELEMENTS (KOHA)
Source of classification or shelving scheme Dewey Decimal Classification
Koha item type Books
Suppress in OPAC No
999 ## -
-- 1756
-- 1756
Holdings
Withdrawn status Lost status Source of classification or shelving scheme Damaged status Not for loan Collection Home library Current library Shelving location Date acquired Total Checkouts Full call number Barcode Date last seen Price effective from Koha item type
    Dewey Decimal Classification     Juvenile Fiction Footprints International School Library Network Toul Kork Campus Footprints International School Library Network Toul Kork Campus A TK Campus, 4th Floor, Room B401, Fiction Bookcases (1-6) 09/28/2023   DAH Fic PZ7.D1515 2023-0702 09/28/2023 09/28/2023 Books